00572 2200217 4500001002100000005001500021035002000036007000300056008004100059020001800100082001100118084001700129100002000146245006400166250001100230260004600241300002600287650002000313990001000333990001100343INLIS00000000000989420220113020123 a0010-0122000095ta220113 g 0 ind  a9786022499114 a646.72 a646.72 MUL b0 aMULIYAWAN, Dewi1 aBeauty is Pain :bTip dan Trik Kecantikan /cDewi Muliyawan aCet. 1 aJakarta :bPT. Bhuana Ilmu Populer,c2015 a136 hlm ;c13 x 19 cm 4aKecantikan Diri a15550 a15550a